000 00625nam a2200217Ii 4500
001 14643
003 CO-ViMGA
008 241108s9999||||xx |||||||||||||| ||und||
020 _a9789584421081
040 _aCO-ViMGA
_bspa
_erda
_cCO-ViMGA
041 0 _aspa
082 0 4 _a796.620 M65f
100 1 _aMauricio Montoya Cuervo
_950462
245 1 0 _aFundamentos del bicicross
264 1 _aBogotá, Colombia : M. Montoya Cuervo, 2007
300 _avolumen
336 _atext
_btxt
_2rdacontent
337 _aunmediated
_bn
_2rdamedia
338 _avolume
_bnc
_2rdacarrier
940 _aidficha_siabuc: 14335. -- ficha_no_siabuc:14643
999 _c45147
_d45147